Language Quiz

Random Language or German Quiz

German: Body Parts Quiz Stats

 Plays Quiz Updated Jun 3, 2016

Score 0/18 Timer 03:00
4 Plays Today
Body Part % Correct
der Kopf
86.2%
das Auge
78%
die Hand
74.8%
der Arm
71.8%
der Fuss
71.1%
die Nase
70.4%
der Mund
63.9%
der Finger
62.3%
das Ohr
59.6%
Body Part % Correct
das Bein
58.7%
das Knie
53.2%
die Schulter
46.4%
der Hals
41.3%
die Brust
36.1%
das Gesicht
33.8%
die Zehe
24.7%
die Stirn
23%
die Hüfte
12.2%

You're not logged in!

Compare scores with friends on all Sporcle quizzes.
OR
Log In

Sporcle TV

Today on Sporcle TV


Watch our educational content, quiz creation guides, and fun videos on Sporcle TV.

Show Comments

Extras

Top Quizzes Today


Score Distribution

Your Account Isn't Verified!

In order to create a playlist on Sporcle, you need to verify the email address you used during registration. Go to your Sporcle Settings to finish the process.

Report this User

Report this user for behavior that violates our Community Guidelines.

Details: